000 00587nai a2200181Ia 4500
003 IN-BaIIA
008 211028c9999 xx s 000 0 eng d
022 _a1022-1824 (Print)
022 _a1420-9020 (Online)
040 _cIIA Library
245 0 _aSelecta Mathematica
_h[eJournal]
260 _aBasel, Switzerland
_bSpringer International Publishing
310 _a5/year
362 _a3(2); 1997 - Present
521 _bSubscribed through National Knowledge Resource Consortium (NKRC)
856 _uhttps://www.springer.com/journal/29
_yClick Here to Access eJournal
942 _cEJ
999 _c35683
_d35683